000 00665nam a2200229 i 4500
003 DO-SdBNP
005 20250617091214.0
007 ta
008 250617s1979 dr 000 0 spa d
040 _aDO-SdBNP
_bspa
_cBNPHU
_erda
082 _axxx
_bG887
_222
100 1 _aGrullón, Ruddy,
_d1931-
_938449
_eautor
_4aut.
245 1 0 _aSanchez :
_bmártir /
_cRuddy Grullón
264 1 _aSanto Domingo :
_bEditora Lozano,
_c1979.
300 _a15 páginas
_c21 cm.
336 _atexto
_btxt
_2rdacontent
337 _asin mediación
_bn
_2rdamedia
338 _avolumen
_bnc
_2rdacarrier
590 _aInventariado, 2025/ YL
910 _aYLockward
942 _2ddc
_cLF2
999 _c59304
_d59304